ਤੁਹਾਡੀ ਜਿੱਤ ਤੁਹਾਡੇ ਹੱਥ / (Record no. 110842)
[ view plain ]
| 000 -LEADER | |
|---|---|
| fixed length control field | 01191nam a22002777a 4500 |
| 005 - DATE AND TIME OF LATEST TRANSACTION | |
| control field | 20170123164158.0 |
| 008 - FIXED-LENGTH DATA ELEMENTS--GENERAL INFORMATION | |
| fixed length control field | 161022b xxu||||| |||| 00| 0 eng d |
| 010 ## - LIBRARY OF CONGRESS CONTROL NUMBER | |
| LC control number | B-095301 |
| 020 ## - INTERNATIONAL STANDARD BOOK NUMBER | |
| International Standard Book Number | 8182990203 |
| Terms of availability | 150.00 |
| 035 ## - SYSTEM CONTROL NUMBER | |
| System control number | B-095301 |
| 037 ## - SOURCE OF ACQUISITION | |
| Source of stock number/acquisition | Cen Lib/Ret |
| 040 ## - CATALOGING SOURCE | |
| Original cataloging agency | DPL |
| Language of cataloging | PN |
| 082 ## - DEWEY DECIMAL CLASSIFICATION NUMBER | |
| Classification number | 158.1 |
| Item number | ਜੋਗਿੰਦ |
| 100 ## - MAIN ENTRY--PERSONAL NAME | |
| Personal name | ਜੋਗਿੰਦਰ ਸਿੰਘ |
| 9 (RLIN) | 140943 |
| 245 ## - TITLE STATEMENT | |
| Title | ਤੁਹਾਡੀ ਜਿੱਤ ਤੁਹਾਡੇ ਹੱਥ / |
| Statement of responsibility, etc | ਜੋਗਿੰਦਰ ਸਿੰਘ ; ਅਨੁਵਾਦਕ ਰਮਨ ਭਾਰਦਵਾਜ |
| 246 ## - VARYING FORM OF TITLE | |
| Remainder of title | Tuhadi jitt tuhade hath : Punjabi translation of Yes you can / |
| Title proper/short title | by Joginder Singh ; translated by Raman Bhardwaj |
| 260 ## - PUBLICATION, DISTRIBUTION, ETC. (IMPRINT) | |
| Name of publisher, distributor, etc | ਆਰਸੀ ਪਬਲਿਸ਼ਰਜ਼ |
| Date of publication, distribution, etc | 2004 |
| Place of publication, distribution, etc | ਦਿੱਲੀ |
| 270 ## - ADDRESS | |
| Address | ਚਾਂਦਨੀ ਚੌਕ |
| City | ਦਿੱਲੀ |
| Postal code | 110006 |
| 300 ## - PHYSICAL DESCRIPTION | |
| Extent | 120p. : |
| Dimensions | 18cm(Hb) |
| 650 ## - SUBJECT ADDED ENTRY--TOPICAL TERM | |
| Topical term or geographic name as entry element | Motivation (Psychology) |
| 9 (RLIN) | 140944 |
| 650 ## - SUBJECT ADDED ENTRY--TOPICAL TERM | |
| Topical term or geographic name as entry element | ਪ੍ਰੇਰਣਾ (ਮਨੋਵਿਗਿਆਨ) |
| 9 (RLIN) | 1227 |
| 650 ## - SUBJECT ADDED ENTRY--TOPICAL TERM | |
| Topical term or geographic name as entry element | Success |
| 9 (RLIN) | 17488 |
| 650 ## - SUBJECT ADDED ENTRY--TOPICAL TERM | |
| Topical term or geographic name as entry element | ਸਫਲਤਾ |
| 9 (RLIN) | 140945 |
| 700 ## - ADDED ENTRY--PERSONAL NAME | |
| Personal name | ਭਾਰਦਵਾਜ, ਰਮਨ |
| 9 (RLIN) | 140946 |
| 942 ## - ADDED ENTRY ELEMENTS (KOHA) | |
| Source of classification or shelving scheme | Dewey Decimal Classification |
| Koha item type | Punjabi Bks |
| Classification part | 158.1 |
| Call number suffix | ਜੋਗਿੰਦ |
| Withdrawn status | Lost status | Source of classification or shelving scheme | Damaged status | Not for loan | Home library | Current library | Date acquired | Source of acquisition | Cost, normal purchase price | Total Checkouts | Full call number | Barcode | Date last seen | Copy number | Cost, replacement price | Price effective from | Koha item type | Collection code |
|---|---|---|---|---|---|---|---|---|---|---|---|---|---|---|---|---|---|---|
| Dewey Decimal Classification | Central Library | Central Library | 09/02/2016 | Cen Lib/Ret | 150.00 | 158.1 ਜੋਗਿੰਦ | B-095301 | 09/02/2016 | 1 | 150.00 | 23/01/2017 | Punjabi Bks | ||||||
| Dewey Decimal Classification | Patel Nagar | Patel Nagar | 06/03/2019 | 150.00 | 158.1 ਜੋਗਿੰਦ | B-095302 | 06/03/2019 | 150.00 | 06/03/2019 | Punjabi Bks | ||||||||
| Dewey Decimal Classification | Yojana Vihar | Yojana Vihar | 23/09/2019 | BPPD/PUB | 150.00 | 158.1 ਜੋਗਿੰਦ | B-095310 | 23/09/2019 | 150.00 | 23/09/2019 | Punjabi Bks | Non-fiction |
